| 000 | 01156cam a22001934a 4500 | ||
|---|---|---|---|
| 005 | 20250605165244.0 | ||
| 008 | 250528s ||||||||||||||||||||||||d | ||
| 035 | _a23591 | ||
| 040 |
_aGR-AtMCL _bgre _dGR-AtMCL _eAACR2 |
||
| 245 | 1 | _aΕταιρική Κοινωνική Ευθύνη | |
| 260 | _c2014 | ||
| 300 | _a29 | ||
| 520 | _aΠερίληψη, Περιεχόμενα, Ευχαριστίες, Εισαγωγή, Ο Ορισμός και το Θεσμικό Πλαίσιο της ΕΚΕ, Έννοια Εταιρικής Κοινωνικής Ευθύνης, Ιστορική Αναδρομή, Διεθνές και Ευρωπαϊκό Πλαίσιο, Διεθνές Πλαίσιο, Ευρωπαϊκό Πλαίσιο, Η ''Ελληνική'' ΕΚΕ, Επιχειρήσεις που Εφαρμόζουν την ΕΚΕ στην Ελλάδα, Διακρίσεις Εταιρειών με Κοινωνική Ευθύνη, Συμπεράσματα, Βιβλιογραφία. | ||
| 700 | 1 |
_aΘεοδωρόπουλος Ανδρέας _93878 |
|
| 700 | 1 |
_aΠαπαδημητρίου Αρετή _99178 |
|
| 942 | _cDS | ||
| 999 |
_c8592 _d8592 |
||